Tous les Skins ICON de Fortnite - Statistiques

Statistiques générales
  • Ce quiz a été pris 146 fois
  • Le résultat moyen est 8 sur 39
Statistiques - réponses
Métier Skin % Correct
Chanteur Travis ScottAstro Jack
61%
Chanteuse Ariana Grande Rosy Rift Goddess Ariana Spacefarer Ariana Grande
59%
Youtubeur Ninja
54%
Basketteur Lebron JamesFFC Lebron James Tune Squad Lebron
53%
Youtubeur Mr BeastMrbeast6000
48%
Chanteur EminemSlim Shady Rap Boy Marshall Never More
44%
Pilote Lewis HamiltonLaunch Day Lewis Hamilton
41%
Footballeur Neymar JrFFC Neymar Jr
40%
Joueur Profetionnel Bugha
35%
Footballeur Harry Kane
33%
Chanteuse Lady GagaEnigmatic Gaga
33%
Chanteur The WeekendThe Weekend Combat
28%
Chanteur Bruno Mars
23%
Youtubeuse Loserfruit
21%
Chanteuse Billie EilishRed Roots Billie
19%
DJ MarshmallowMarsha Marshinobi
18%
Youtubeur Nick Eh 30
17%
Chanteur J BalvinInferno Skeleton Balvin J Balvin Redux
12%
Youtubeur Lachlan
11%
Footballeur Marco Reus
10%
Youtubeur SypherPK
10%
Youtubeuse Chica
9%
Basketteur Giánnis AntetokoúnmpoHoplite Giannis
9%
Youtubeur Lazarbeam
8%
Youtubeur Ali-A
7%
Musicien James HetfieldPuppet Master James
7%
Influenceur Khaby Lame
7%
Youtubeur ThegrefgFFC Thegrefg
7%
Batteur Lars UlrichPuppet Master Lars
6%
Snowboardeuse Chloé KimFFC Chloé Kim
5%
Guitariste Kirk HammettPuppet Master Kirk
5%
Chanteur Major Lazer
4%
Footballeur Americain Patrick MahomesMahomes Saucy Style
4%
Chanteur The Kid LaroiThe Rogue Laroi
4%
Tennisman Naomi OsakaDark Priestess Naomi
3%
Bassiste Robert TrujilloPuppet Master Robert
3%
Chanteur Anderson .Paak
1%
Chanteuse CarolinaKarol G
1%
Youtubeur Flakes Power
1%
Aucun quiz correspondant
Distribution des résultats
% des personnes avec chaque résultat
Percentile par nombre de réponses
Votre historique - résultats
Vous n’avez pas pris ce quiz